Central Library OPAC University of Rajshahi

Electrolytic conductance / (Record no. 9691)

MARC details
000 -LEADER
fixed length control field 00722nam a22002292 4500
001 - CONTROL NUMBER
control field 9691
003 - CONTROL NUMBER IDENTIFIER
rucl marc code BD-RjUL
005 - DATE AND TIME OF LATEST TRANSACTION
control field 20211208234823.0
008 - FIXED-LENGTH DATA ELEMENTS--GENERAL INFORMATION
fixed length control field 161227s1959 nyua 000 0 eng c
035 ## - SYSTEM CONTROL NUMBER
System control number (BD-RjUL) 9736
040 ## - CATALOGING SOURCE
Original cataloging agency DLC/ICU
Transcribing agency CGU
Modifying agency UKM
-- EQO
-- BD-RjUL
Language of cataloging eng
041 ## - LANGUAGE CODE
Language code of text/sound track or separate title eng
082 00 - DEWEY DECIMAL CLASSIFICATION NUMBER
Classification number 541.372
Edition number 23
Author mark and year FUE 1959
100 1# - MAIN ENTRY--PERSONAL NAME
Personal name Fuoss, Raymond M.
Fuller form of name (Raymond Matthew),
Dates associated with a name 1905-1987
9 (RLIN) 29972
245 10 - TITLE STATEMENT
Title Electrolytic conductance /
Statement of responsibility, etc. by Raymond M. Fuoss and Filippo Accascina.
260 ## - PUBLICATION, DISTRIBUTION, ETC. (IMPRINT)
Place of publication, distribution, etc. New York :
Name of publisher, distributor, etc. Interscience Publishers,
Date of publication, distribution, etc. 1959.
300 ## - PHYSICAL DESCRIPTION
Pagination 279 p. :
Illustrations illus. ;
Size 24 cm.
650 #0 - SUBJECT ADDED ENTRY--TOPICAL TERM
Topical term or geographic name as entry element Electrolytes
General subdivision Conductivity.
9 (RLIN) 29973
700 1# - ADDED ENTRY--PERSONAL NAME
Personal name Accascina, Filippo.
942 ## - ADDED ENTRY ELEMENTS (KOHA)
Source of classification or shelving scheme Dewey Decimal Classification
Koha item type Books
Holdings
Lost status Source of classification or shelving scheme Damaged status Not for loan Collection code Permanent Location Current Location Shelving location Date acquired Source of acquisition Cost, normal purchase price Total Checkouts Full call number Date last seen Copy number Koha item type
  Dewey Decimal Classification   Not For Loan Non-fiction Central Library, University of Rajshahi Central Library, University of Rajshahi Reading Room 14/11/1963 Zeitlinger 68.00   541.372 FUE 1959 21/01/2014 C-1 Books
  Dewey Decimal Classification     Non-fiction Central Library, University of Rajshahi Central Library, University of Rajshahi   02/12/1965 Zeittinger 72.00   541.372 FUE 1959 01/03/2014 C-4 Books
  Dewey Decimal Classification     Non-fiction Central Library, University of Rajshahi Central Library, University of Rajshahi   02/12/1965 Zeitlinger 72.00   541.372 FUE 1959 27/12/2016 C-2 Books
  Dewey Decimal Classification     Non-fiction Central Library, University of Rajshahi Central Library, University of Rajshahi   02/12/1965 Zeitlinger 72.00   541.372 FUE 1959 27/12/2016 C-3 Books